000 00638nam a2200241 a 4500
001 nice12345678
003 IN_TiNIC
005 20260116011346.0
008 050524s1937 lona grp 000 0 eng
020 _a
_c100
082 0 0 _a201
_bPAT1
100 _aPattison, Mary W Dunn
245 _aAblaze for God
_b the Life Story of Paget Wilkes Who for 36 Yrs Lived & Labou
260 _aLondon
_bJapan Evangelistic Band
_c1937
300 _a317p
500 _aincludes index and biblioraphy
505 2 _aill
650 _aChristian-Biography
700 1 _aPattison, Mary W Dunn
902 _bSRS
942 _cBK
999 _c825
_d825